00255nam a2200097Ia 4500008004100000041000800041100002900049245002300078260003700101999001900138241105s9999 xx 000 0 und d aeng aToshniwal Ankita9182382 aResidential School bFinal Year B.Arch ID, Punec2012 c360670d360670